Welcome to University of Cape Coast Library, Online Public Access Catalogue (OPAC)

Prentice Hall biology / (Record no. 41107)

MARC details
000 -LEADER
fixed length control field 01726cam a2200445 a 4500
001 - CONTROL NUMBER
control field ocm59668466
003 - CONTROL NUMBER IDENTIFIER
control field OCoLC
005 - DATE AND TIME OF LATEST TRANSACTION
control field 20220617102332.0
008 - FIXED-LENGTH DATA ELEMENTS--GENERAL INFORMATION
fixed length control field 050426s2006 njuab d 001 0 eng d
020 ## - INTERNATIONAL STANDARD BOOK NUMBER
International Standard Book Number 0131662554
020 ## - INTERNATIONAL STANDARD BOOK NUMBER
International Standard Book Number 9780131662551
020 ## - INTERNATIONAL STANDARD BOOK NUMBER
International Standard Book Number 0131662880
Qualifying information (teacher's ed.)
020 ## - INTERNATIONAL STANDARD BOOK NUMBER
International Standard Book Number 9780131662889
Qualifying information (teacher's ed.)
020 ## - INTERNATIONAL STANDARD BOOK NUMBER
International Standard Book Number 0131662732
020 ## - INTERNATIONAL STANDARD BOOK NUMBER
International Standard Book Number 9780131662735
035 ## - SYSTEM CONTROL NUMBER
System control number (OCoLC)59668466
Canceled/invalid control number (OCoLC)796783853
040 ## - CATALOGING SOURCE
Original cataloging agency PBB
Language of cataloging eng
Transcribing agency PBB
Modifying agency XVF
-- OCLCG
-- NOG
-- OCLCO
-- OCLCF
-- OCLCQ
-- MUO
-- OCLCQ
-- OCLCO
050 #4 - LIBRARY OF CONGRESS CALL NUMBER
Classification number QH308.7
Item number M61
082 14 - DEWEY DECIMAL CLASSIFICATION NUMBER
Classification number 574
Item number P92P92
100 1# - MAIN ENTRY--PERSONAL NAME
Personal name Miller, Kenneth R.
Fuller form of name (Kenneth Raymond),
Dates associated with a name 1948-
9 (RLIN) 476
245 10 - TITLE STATEMENT
Title Prentice Hall biology /
Statement of responsibility, etc. Kenneth R. Miller, Joseph Levine.
246 30 - VARYING FORM OF TITLE
Title proper/short title Biology
260 ## - PUBLICATION, DISTRIBUTION, ETC.
Place of publication, distribution, etc. Upper Saddle River, N.J. :
Name of publisher, distributor, etc. Pearson Prentice Hall,
Date of publication, distribution, etc. �2006.
300 ## - PHYSICAL DESCRIPTION
Extent xxii, 1146 pages :
Other physical details illustrations (some color), color maps ;
Dimensions 28 cm +
Accompanying material 1 teacher's ed. and supplementary materials
336 ## - CONTENT TYPE
Content type term text
Content type code txt
Source rdacontent
337 ## - MEDIA TYPE
Media type term unmediated
Media type code n
Source rdamedia
338 ## - CARRIER TYPE
Carrier type term volume
Carrier type code nc
Source rdacarrier
500 ## - GENERAL NOTE
General note Includes index.
505 0# - FORMATTED CONTENTS NOTE
Formatted contents note The nature of life -- Ecology -- Cells -- Genetics -- Evolution -- Microorganisms and fungi -- Plants -- Invertebrates -- Chordates -- The human body.
521 0# - TARGET AUDIENCE NOTE
Target audience note Grades 9-12.
650 #0 - SUBJECT ADDED ENTRY--TOPICAL TERM
Topical term or geographic name entry element Biology
Form subdivision Textbooks.
9 (RLIN) 4325
650 #0 - SUBJECT ADDED ENTRY--TOPICAL TERM
Topical term or geographic name entry element Life sciences
Form subdivision Textbooks.
9 (RLIN) 4324
650 #7 - SUBJECT ADDED ENTRY--TOPICAL TERM
Topical term or geographic name entry element Biology.
Source of heading or term fast
Authority record control number or standard number (OCoLC)fst00832383
9 (RLIN) 1106
650 #7 - SUBJECT ADDED ENTRY--TOPICAL TERM
Topical term or geographic name entry element Life sciences.
Source of heading or term fast
Authority record control number or standard number (OCoLC)fst00998323
9 (RLIN) 4329
655 #7 - INDEX TERM--GENRE/FORM
Genre/form data or focus term Textbooks.
Source of term fast
Authority record control number or standard number (OCoLC)fst01423863
9 (RLIN) 65
700 1# - ADDED ENTRY--PERSONAL NAME
Personal name Levine, Joseph S.
9 (RLIN) 479
710 2# - ADDED ENTRY--CORPORATE NAME
Corporate name or jurisdiction name as entry element Prentice-Hall, Inc.
9 (RLIN) 191
942 ## - ADDED ENTRY ELEMENTS (KOHA)
Source of classification or shelving scheme Library of Congress Classification
Koha item type Books
948 ## - LOCAL PROCESSING INFORMATION (OCLC); SERIES PART DESIGNATOR (RLIN)
h (OCLC) NO HOLDINGS IN GHUCC - 21 OTHER HOLDINGS

No items available.

Koha©2022 UCC.All Right Reserved.Site Developed by Sam Jonah Library IT Team
<Home | Contact | Library publications |Research Tools | Research Guides |https://ucclivechat.library-gh.net/index.php/chat

If you have questions or concern please contact the Library.



PMB, University of Cape Coast

KOHA HOME